Tenth commandment (Record no. 37850)

MARC details
000 -LEADER
fixed length control field 00254nam a2200109Ia 4500
082 ## - DEWEY DECIMAL CLASSIFICATION NUMBER
Classification number 82-3
Item number SAN
100 ## - MAIN ENTRY--AUTHOR NAME
Personal name Sanders, L
245 #0 - TITLE STATEMENT
Title Tenth commandment
260 ## - PUBLICATION, DISTRIBUTION, ETC. (IMPRINT)
Place of publication New York
Name of publisher Berkley
Year of publication 1981
942 ## - ADDED ENTRY ELEMENTS (KOHA)
Koha item type Books
Holdings
Withdrawn status Lost status Damaged status Not for loan Home library Current library Date acquired Cost, normal purchase price Full call number Accession Number Koha item type
        RRII Library RRII Library 16/12/2021 39.15 82-3 SAN 18221 Books